Showvember Characters Quiz - Statistics

General Stats
  • This quiz has been taken 23 times
  • The average score is 17 of 31
Answer Stats
Season Role Character % Correct
Showvember Again Contestant Pop
100%
Showvember Host Popcorn
100%
Showvember Again Host Popcorn
100%
Showvember Contestant Rotten Apple
95%
Showvember Contestant Beanie
85%
Showvember Contestant CD
85%
Showvember Contestant Butter
80%
Showvember Contestant Pirate Hook
80%
Showvember Contestant Phillips Head Screwdriver
75%
Showvember Contestant Bill
70%
Showvember Contestant Map
70%
Showvember Contestant Vegetable
70%
Showvember Contestant Keypad
55%
Showvember Again Contestant Google Chrome
45%
Showvember Again Host Google Chrome
45%
Showvember Again Contestant Safe
45%
Showvember Contestant Spray Nozzle
45%
Showvember Again Contestant Tomato Slice
45%
Showvember Again Contestant Box Cutter
40%
Showvember Again Contestant Skin Of A Grape
40%
Showvember Again Contestant Memory Card
35%
Showvember Again Contestant Kazoo
30%
Showvember Again Contestant Pencil
30%
Showvember Again Contestant Red Wine
30%
Showvember Again Contestant Sceptre
30%
Showvember Again Contestant Cactus
25%
Showvember Again Contestant Chatter Box
25%
Showvember Again Contestant Curling Stone
25%
Showvember Again Contestant Fish N' Chips
25%
Showvember Again Contestant Lotus
25%
Showvember Again Contestant Branchy
20%
No matching quizzes found
Score Distribution
Percent of People with Each Score
Percentile by Number Answered
Your Score History
You have not taken this quiz